IMF Survey, Volume 32, Issue 09.

Over the past decade, gross cross-border capital flows have surged, not only among industrial countries but also between industrial and developing countries. What impact has this had on developing countries? A recent IMF study finds that once financial integration crosses a certain threshold, the po...

Fuld beskrivelse

Bibliografiske detaljer
Institution som forfatter: International Monetary Fund. External Relations Dept
Format: Tidsskrift
Sprog:English
Udgivet: Washington, D.C. : International Monetary Fund, 2003.
Serier:IMF Survey; IMF Survey ; No. 0032/009
Online adgang:Full text available on IMF
LEADER 01674cas a2200241 a 4500
001 AALejournalIMF010409
008 230101c9999 xx r poo 0 0eng d
020 |c 5.00 USD 
020 |z 9781451932539 
022 |a 0047-083X 
040 |a BD-DhAAL  |c BD-DhAAL 
110 2 |a International Monetary Fund.  |b External Relations Dept. 
245 1 0 |a IMF Survey, Volume 32, Issue 09. 
264 1 |a Washington, D.C. :  |b International Monetary Fund,  |c 2003. 
300 |a 1 online resource (16 pages) 
490 1 |a IMF Survey 
500 |a <strong>Off-Campus Access:</strong> No User ID or Password Required 
500 |a <strong>On-Campus Access:</strong> No User ID or Password Required 
506 |a Electronic access restricted to authorized BRAC University faculty, staff and students 
520 3 |a Over the past decade, gross cross-border capital flows have surged, not only among industrial countries but also between industrial and developing countries. What impact has this had on developing countries? A recent IMF study finds that once financial integration crosses a certain threshold, the positive effects of international capital flows can outweigh the negative effects. The authors, Eswar Prasad of the Asia and Pacific Department; Ken Rogoff, the IMF's Economic Counsellor and Director of the Research Department; Shang-Jin Wei of the Research Department; and Ayhan Kose of the Western Hemisphere Department, spoke to the IMF Survey about their study. 
538 |a Mode of access: Internet 
830 0 |a IMF Survey; IMF Survey ;  |v No. 0032/009 
856 4 0 |z Full text available on IMF  |u http://elibrary.imf.org/view/journals/023/0032/009/023.0032.issue-009-en.xml  |z IMF e-Library